| Поле | Инд. | ПП | Название | Значение |
|---|---|---|---|---|
| Тип записи | a | |||
| Библиографический уровень | m | |||
| 001 | Контрольный номер | 9e72ef92-9f52-48d7-a122-e4fd2ff01d53 | ||
| 005 | Дата корректировки | 20140227061753.5 | ||
| 008 | Кодируемые данные | 060607s1982 rur a 000u 0rus d | ||
| 017 | a | Номер государственной регистрации | 82-87141 | |
| b | Организация, присвоившая номер | RuMoRKP | ||
| 2 | Источник номера | ЛГР | ||
| 020 | c | Цена, тираж | 60 к. | |
| 040 | a | Служба первич. каталог. | RuMoRKP | |
| 041 | 00 | a | Код языка текста | rus |
| 080 | 00 | a | Индекс УДК | 613.71 |
| 084 | a | Индекс другой классификации/Индекс ББК | 75.0 | |
| 090 | x | Авторский знак | К84 | |
| 100 | _0 | a | Автор | Круглый Моисей Маркович |
| 245 | a | Заглавие | Еще раз об Аполлоне | |
| c | Ответственность | М. М. Круглый, С. Б. Лежнева | ||
| 260 | a | Место издания | Москва | |
| b | Издательство | Физкультура и спорт | ||
| c | Дата издания | 1982 | ||
| 300 | a | Объем | 127 с. | |
| b | Иллюстрации/ тип воспроизводства | ил. | ||
| c | Размеры | 20 см | ||
| 440 | a | Серия | Физкультура и здоровье | |
| 650 | a | Основная рубрика | Гигиена личная | |
| 650 | a | Основная рубрика | Физическая культура и спорт | |
| x | Основная подрубрика | Влияние на организм | ||
| 700 | 1_ | a | Другие авторы | Лежнева Светлана Борисовна |